| 000 | 00518nam a2200097Ia 4500 | ||
|---|---|---|---|
| 008 | 170517s9999 xx 000 0 und d | ||
| 245 | 2 | _aA World Unseen: The Revenant | |
| 300 | _aA meditation on the making and meaning of the Oscar-winning film The Revenant, one of 2015's most astounding cinematic achievements, A World Unseen exposes the soul-plunging struggles involved in bringing an epic vision to the screen. It's definitely a... | ||
| 650 | _xArt. | ||
| 856 | _uhttp://topdocumentaryfilms.com/world-unseen-revenant/ | ||
| 999 |
_c333105 _d333105 |
||